MDQL
is popping MORE tags! Check the
thread
!
Quizzes
Events
Quiz Creation
Community
Videos
Private Events
Remove Ads
Sign In
Join for FREE
Feedback
Dark Mode
Quiz Categories
Sports
Geography
Music
Movies
Television
Just For Fun
Miscellaneous
History
Literature
Language
Science
Gaming
Entertainment
Religion
Holiday
For Kids
Quiz Lab
Recent
Popular Today
Quiz Kudos Today
Editor Picks
Curator Picks
Quizzes by...
Day
Popularity
Type
Ratings
Length
Year
Community
Subscriptions
Recent Discussions
Orange Saloon
Badges
Playlists
Quests
Create
Leaderboards
Showdown
Live 5
Trivia Bingo
Activity
Puzzle Library
Sporcle Events
Private Events
Virtual Trivia
Globe League
Become a Host
Pub Owners
SporcleCon
Opinionation
Our Games
Videos
Blog
Mobile Apps
Partnerships
Remove Ads and Go Orange
Feedback
Geography
Country
Landmarks
City
State
Population
World
Capital
Continent
Flags
Europe
Africa
Asia
South America
North America
Oceania
Border
Canada
United Kingdom
Topography
United States
Geography
Country
Landmarks
City
State
Population
World
Capital
Continent
Flags
Europe
Africa
Asia
South America
North America
Oceania
Border
Canada
United Kingdom
Topography
United States
Random Quiz
Search Sporcle
×
Quiz Lab
Quiz Lab
Geography
neighborhood
Type in answers that appear in a list
Type in answers that appear in a list
Classic
Best Score? Go Orange.
Neighborhoods of Pittsburgh Stats
Can you name the Neighborhoods of Pittsburgh?
By
TZA
15m
79 Questions
227 Plays
227 Plays
227 Plays
Comments
Comments
Give Quiz Kudos
Give Quiz Kudos
-
- Ratings
hide this ad
Replay
Link that replays current quiz
Next Quiz
Link to next quiz in quiz playlist
You Got
0%
They Got
Avg Score
34%
Avg Friend Score
Upgrade to see
Score Distribution
Jump to the score distribution portion of the page
Score
0/79
Timer
15:00
0
Plays Today
% Correct
Oakland
81.9%
Squirrel Hill
76.7%
Shadyside
74.9%
Downtown
71.8%
Bloomfield
56.4%
East Liberty
55.5%
Strip District
55.1%
Lawrenceville
54.2%
Homewood
53.3%
North Shore
52.9%
Mount Washington
52.4%
Polish Hill
50.7%
Garfield
46.7%
Greenfield
46.7%
Southside Slopes
46.7%
Southside Flats
45.8%
Carrick
44.9%
Hazelwood
41.9%
Highland Park
41.9%
Point Breeze
41.4%
West End
40.5%
Friendship
39.2%
Mount Oliver
39.2%
Troy Hill
39.2%
Regent Square
37.4%
Manchester
36.6%
Morningside
36.1%
Brookline
35.7%
Hays
35.2%
Arlington
34.8%
Upper Hill
34.4%
Brighton Heights
33.9%
Beechview
33.5%
Bluff
33%
Stanton Heights
33%
Fairywood
31.7%
East Hills
31.3%
Middle Hill
31.3%
Allentown
30.8%
Allegheny Center
30.4%
% Correct
Mexican War Streets
29.5%
Larimer
29.5%
Lincoln Place
29.5%
Southshore
29.5%
Spring Hill
29.1%
Esplen
28.6%
Fineview
28.6%
Perry North
28.6%
Perry South
28.6%
Banksville
28.2%
Duquesne Heights
28.2%
East Carnegie
28.2%
Knoxville
28.2%
Summer Hill
28.2%
Marshall-Shadeland
27.8%
Overbrook
27.8%
Sheraden
27.8%
Swisshelm Park
27.8%
Glen Hazel
27.3%
Crafton Heights
26.9%
Arlington Heights
26.4%
Spring Garden
26.4%
Bon Air
26%
New Homestead
26%
California-Kirkbride
25.6%
Windgap
25.6%
Saint Clair
25.1%
Northview Heights
22.9%
Chateau
22%
Oakwood
22%
Westwood
22%
Elliott
21.1%
Lincoln-Lemington-Belmar
20.3%
Chartiers
19.4%
Bedford Dwellings
17.2%
Ridgemont
16.7%
Crawford-Roberts
16.3%
Beltzhoover - Knoxville
13.2%
Allegeny West
11.9%
Quiz Playlist
Details
Report
Send in Message
Add To Playlist
Classic:
Type in answers that appear in a list
Quiz Source
Last Updated: Feb 16, 2017
Quiz Scoreboard
CHALLENGE
Sign Up to Join the Scoreboard
Show All
Scores
Hide
Comments
May contain spoilers
Recently Published
Two Season TV Shows II
by 123Four
Television
10m
Image Sorting: Flags VI
by Barbecue
Geography
2m
Find the 'City' Movie
by crazypaving
Movies
60s
More to Explore
Quiz From the Vault
Featured Blog Post
14 Easter Pick-up Lines to Find Eggs With
hide this ad
You Might Also Like...
Tags
neighborhood
pittsburgh
Today's Top Quizzes in Geography
Browse Geography
hide this ad
Today's Top Quizzes in neighborhood
Browse neighborhood
Top Contributed Quizzes in Geography
1
Colored Red Europe Blitz I
2
Countries of the World - No Outlines Minefield
3
Colored Red Africa Blitz II
4
Colored Red Europe Blitz II
5
Colored Red Europe Blitz III
6
Colored Red Africa Blitz III
7
Colored Red States Blitz I
8
A Different View: World Oceans
9
Colored Red States Blitz II
10
Colored Red States Blitz III
Explore More
Trending Topics
Anime
Crossword
Harry Potter
Kpop
NBA
Marvel
Disney
NFL
WWE
Pokémon
Puzzle
The Office
Country
Soccer
Song
hide this ad
More By:
TZA
Quiz
Plays
Rating
Category
Featured
Created
Name the best TV series of the 2000s
685
4.33
Television
Nov 13, 2009
Neighborhoods of Pittsburgh
227
4.50
Geography
Oct 15, 2009
Go to Creator's Profile
Score Distribution
Quiz Creator Spotlight
TZA
Follow
Send a Message
Quizzes Created
-
Created Quiz Play Count
-
More By This Creator
Popular Quizzes Today
1
Find the US States - No Outlines Minefield
2
Colored Red Africa Blitz
3
Find the 'City' Movie
4
5x2 Blitz: Bands
5
The Countries of the World
6
Find the Countries of Europe - No Outlines Minefield
7
Find the US States
8
US States
More Geography Quizzes
Madagascar UNESCO WHS
Quiz Lab
Trending Quizzes
Colored Red Europe Blitz I
Colored Red Africa Blitz II
Colored Red Europe Blitz II
Colored Red Africa Blitz III
Colored Red Europe Blitz III
Recently Updated
How Do You Spell That?
pecheneg
Godzilla Movies
pecheneg
Grab Bag: 4-10 Letters
pecheneg
2024 March Madness Bracket
pecheneg
Famous TV Couples
Peacemaker
Champions League XIs: Real Madrid
pecheneg
Largest US Cities 1790-2010
pecheneg
Rides in Walt Disney World
pecheneg
Most Oscar Losses (Acting)
pecheneg
Beyoncé Albums
pecheneg
Trending Topics
NBA
Kpop
Crossword
Marvel
Anime
Disney
Harry Potter
Soccer
Pokémon
The Office
WWE
NFL
Country
Puzzle
Song
Your Account Isn't Verified!
In order to create a playlist on Sporcle, you need to verify the email address you used during registration. Go to your
Sporcle Settings
to finish the process.
Report this User
Report this user for behavior that violates our
Community Guidelines
.
Details:
Send Report
Go to the Sporcle.com Mobile Site →
Comments